000 00528nam a2200169 i 4500
001 88389
003 ES-MaACL
005 20230906175842.0
007 t|
008 050104s1958 sp ||||1| spa d
100 1 _aLais, Hermann.
_969703
245 1 0 _aProblemas actuales de la Apologética /
_cHermann Lais ; [versión española por Eduardo Valentí].
260 _aBarcelona :
_bHerder,
_c1958 (
_fGrafesa)
300 _a277 p. ;
_c20 cm.
700 1 _aValentí Fiol, Eduardo.
_9112600
852 _aES-MaACL
_jC-15517
_bR.43535
999 _c88389
_d88389